000 00437nam a2200181Ia 4500
001 1516
005 20260306143734.0
008 260306t1966||||xx |||||||||||||| ||spa||
041 _aESP
082 _a150.72
_bB65
100 _aBlumenfeld, Walter
_eAUT
245 0 _aIntroducción a la psicología experimental
260 _c1966
300 _a486 páginas :
_c25 cm.
650 _aGEN
654 _aCPS
942 _cLIB
_dJUS
_fJUS
_2ddc
_n
999 _c1516
_d1516